00482cam a2200169ua 45000010005000000080039000050200018000440400009000620820011000711000020000822450075001022500009001772600033001863000022002196530014002416530057002552189110812n ii |||gr||||Z||||||asm a81-7339-069-X cMAIN a370.15 aDeka, Birendra,1 aSaikhik parisankhya aru monoboigyanik abhikhya samuhcby Birendra Deka a2nd. aDibrugarh:bBanalata,c2000. axiv; 272p:c23cm. aEducation aSaikhik parisankhya aru monoboigyanik abhikhya samuh